Detalles MARC
| 000 -CABECERA |
| campo de control de longitud fija |
01872nam a2200397 i 4500 |
| 003 - IDENTIFICADOR DEL NÚMERO DE CONTROL |
| campo de control |
DO-SdBNP |
| 005 - FECHA Y HORA DE LA ÚLTIMA TRANSACCIÓN |
| campo de control |
20251104094415.0 |
| 007 - CAMPO FIJO DE DESCRIPCIÓN FÍSICA--INFORMACIÓN GENERAL |
| campo de control de longitud fija |
ta |
| 008 - DATOS DE LONGITUD FIJA--INFORMACIÓN GENERAL |
| campo de control de longitud fija |
091125s2019 dr db 000 0 spa d |
| 020 ## - NÚMERO INTERNACIONAL ESTÁNDAR DEL LIBRO |
| Número Internacional Estándar del Libro |
9789945443622 |
| 020 ## - NÚMERO INTERNACIONAL ESTÁNDAR DEL LIBRO |
| Número Internacional Estándar del Libro |
9789945582826 |
| 040 ## - FUENTE DE LA CATALOGACIÓN |
| Centro catalogador/agencia de origen |
DO-SdBNP |
| Lengua de catalogación |
spa |
| Centro/agencia transcriptor |
BNPHU |
| Normas de descripción |
rda |
| 082 #4 - NÚMERO DE LA CLASIFICACIÓN DECIMAL DEWEY |
| Número de clasificación |
330.97293 |
| Número de documento/Ítem |
C744n, 2018 |
| Número de edición |
22 |
| 111 2# - ENTRADA PRINCIPAL--NOMBRE DE CONGRESO/REUNIÓN |
| Nombre de congreso/reunión o jurisdicción como elemento de entrada |
Concurso de Economía Biblioteca ¨Juan Pablo Duarte¨ 2018 |
| Fecha del congreso/reunión |
(2018 : |
| 9 (RLIN) |
84301 |
| Sede del congreso/Lugar de la reunión |
Santo Domingo) |
| 245 10 - MENCIÓN DE TÍTULO |
| Título |
Nueva literatura económica dominicana : |
| Resto del título |
premios del Concurso Anual de Economía Biblioteca Juan Pablo Duarte 2018 / |
| Mención de responsabilidad, etc. |
edición, José Alcántara Almánzar, Elvis Francis Soto |
| 264 ## - PRODUCCIÓN, PUBLICACIÓN, DISTRIBUCIÓN, FABRICACIÓN Y COPYRIGHT |
| Producción, publicación, distribución, fabricación y copyright |
Santo Domingo : |
| Nombre del de productor, editor, distribuidor, fabricante |
Banco Central de la República Dominicana, |
| Fecha de producción, publicación, distribución, fabricación o copyright |
2019. |
| 300 ## - DESCRIPCIÓN FÍSICA |
| Extensión |
408 páginas : |
| Otras características físicas |
ilustraciones ; mapas; |
| Dimensiones |
23 cm. |
| 336 ## - TIPO DE CONTENIDO |
| Fuente |
rdacontent |
| Término de tipo de contenido |
texto |
| Código de tipo de contenido |
txt |
| 337 ## - TIPO DE MEDIO |
| Fuente |
rdamedia |
| Nombre/término del tipo de medio |
sin mediación |
| Código del tipo de medio |
n |
| 338 ## - TIPO DE SOPORTE |
| Fuente |
rdacarrier |
| Nombre/término del tipo de soporte |
volumen |
| Código del tipo de soporte |
nc |
| 490 1# - MENCIÓN DE SERIE |
| Mención de serie |
Banco Central de la República Dominicana |
| Designación de volumen o secuencia |
267 |
| 490 1# - MENCIÓN DE SERIE |
| Mención de serie |
Nueva Literatura Económica |
| Designación de volumen o secuencia |
23 |
| 500 ## - NOTA GENERAL |
| Nota general |
Incluye referencias bibliográficas y notas al pie de las páginas |
| 504 ## - NOTA DE BIBLIOGRAFÍA, ETC. |
| Nota de bibliografía, etc. |
Bibliografía : p. 180-185 |
| 586 ## - NOTA DE PREMIOS |
| Nota de premios |
Premios del Concurso de Económia Biblioteca Juan Pablo Duarte 2018 |
| 590 ## - NOTA LOCAL (RLIN) |
| Nota local |
Inventariado, 2018/ YL |
| 650 #4 - PUNTO DE ACCESO ADICIONAL DE MATERIA--TÉRMINO DE MATERIA |
| Término de materia o nombre geográfico como elemento de entrada |
Política monetária |
| Subdivisión geográfica |
República Dominicana |
| Subdivisión de forma |
Congresos, conferencias, etc. |
| 9 (RLIN) |
6378 |
| 650 #0 - PUNTO DE ACCESO ADICIONAL DE MATERIA--TÉRMINO DE MATERIA |
| Término de materia o nombre geográfico como elemento de entrada |
Inflación |
| Subdivisión geográfica |
República Dominicana |
| Subdivisión de forma |
Congresos, conferencias, etc. |
| 9 (RLIN) |
201 |
| 650 #0 - PUNTO DE ACCESO ADICIONAL DE MATERIA--TÉRMINO DE MATERIA |
| Término de materia o nombre geográfico como elemento de entrada |
Trabajo infantil |
| 9 (RLIN) |
84469 |
| 650 #4 - PUNTO DE ACCESO ADICIONAL DE MATERIA--TÉRMINO DE MATERIA |
| Término de materia o nombre geográfico como elemento de entrada |
Trabajo de la mujer |
| Subdivisión geográfica |
República Dominicana |
| Subdivisión de forma |
Congresos, conferencias, etc. |
| 9 (RLIN) |
84470 |
| 651 #4 - PUNTO DE ACCESO ADICIONAL DE MATERIA--NOMBRE GEOGRÁFICO |
| Nombre geográfico |
República Dominicana |
| Subdivisión general |
Política económica |
| Subdivisión de forma |
Congresos, conferencias, etc. |
| 9 (RLIN) |
7001 |
| 700 1# - PUNTO DE ACCESO ADICIONAL--NOMBRE DE PERSONA |
| Nombre de persona |
Alcántara Almánzar, José |
| Fechas asociadas al nombre |
1946- |
| Término indicativo de función/relación |
edición |
| 9 (RLIN) |
7018 |
| 700 1# - PUNTO DE ACCESO ADICIONAL--NOMBRE DE PERSONA |
| Nombre de persona |
Soto, Elvis Francis, |
| Término indicativo de función/relación |
edición |
| 9 (RLIN) |
39156 |
| 910 ## - DATOS DE OPCIÓN DEL USUARIO (OCLC) |
| Datos de opción del usuario |
Btavárez/Validado. Control de calidad MFF |
| 942 ## - ELEMENTOS DE PUNTO DE ACCESO ADICIONAL (KOHA) |
| Fuente del sistema de clasificación o colocación |
Dewey Decimal Classification |
| Tipo de ítem Koha |
Libro |